The State of Being Stateless: An Account of South Asia (Record no. 176321)

MARC details
000 -LEADER
fixed length control field 00886nam a22002177a 4500
005 - DATE AND TIME OF LATEST TRANSACTION
control field 20201215113800.0
010 ## - LCCN (DPL NO)
LC control number ENG-128659
020 ## - INTERNATIONAL STANDARD BOOK NUMBER
International Standard Book Number 978-93-5287-466-8
Terms of availability 725.00
035 ## - SYSTEM CONTROL NUMBER
System control number EN-112191
037 ## - SOURCE OF ACQUISITION
Source of stock number/acquisition DBAD/PUB
082 ## - DEWEY DECIMAL CLASSIFICATION NUMBER
Classification number 323.63
245 ## - TITLE STATEMENT
Title The State of Being Stateless: An Account of South Asia
Statement of responsibility, etc edited by Paula Banerjee, Anasua Basu Ray Chaudhury and Atig Ghosh
260 ## - PUBLICATION, DISTRIBUTION, ETC. (IMPRINT)
Place of publication, distribution, etc Telangana
Name of publisher, distributor, etc Orient Blackswan Private Limited
Date of publication, distribution, etc 2019
270 ## - ADDRESS
City Telangana
Postal code 500029
Address 3-6-752, Himayatnagar, Hyderabad
Electronic mail address info@orientblackswan.com
300 ## - PHYSICAL DESCRIPTION
Extent xvii+283p.
Dimensions 22cm(pbk)
Other physical details including index.
500 ## - GENERAL NOTE
General note with a foreward by Ranbir Samaddar.
700 ## - ADDED ENTRY--PERSONAL NAME
Personal name Banerjee,Paula, Ed.
700 ## - ADDED ENTRY--PERSONAL NAME
Personal name Chaudhury, Anasua Basu Ray, Ed.
700 ## - ADDED ENTRY--PERSONAL NAME
Personal name Ghosh, Atig, Ed.
942 ## - ADDED ENTRY ELEMENTS (KOHA)
Source of classification or shelving scheme Dewey Decimal Classification
Item type English Books
Classification part 323.63
Call number suffix STA
Holdings
Withdrawn status Lost status Not for loan Collection code Home library Current library Date acquired Source of acquisition Cost, normal purchase price Full call number Barcode Copy number Cost, replacement price Koha item type
      Non-fiction Ashok Vihar Ashok Vihar 15/12/2020 DBAD/PUB 725.00 323.63 STA EN-112191 1 725.00 English Books

© Delhi Public Library
Hit Counter
free hit counter